Interferencie kultúrnej a hospodárskej diplomacie v procese globalizácie diplomová práca

Guardado en:
Detalles Bibliográficos
Autor principal: Matúzová, Zuzana
Autor Corporativo: Ekonomická univerzita v Bratislave. Fakulta medzinárodných vzťahov
Otros Autores: Zágoršeková, Marta
Formato: Libro
Lenguaje:eslovaco
Publicado: Bratislava 2010
Etiquetas: Agregar Etiqueta
Sin Etiquetas, Sea el primero en etiquetar este registro!

MARC

LEADER 00000nam a2200000 4500
001 0121494
005 20240318122325.8
041 0 |a slo 
044 |a SK 
245 1 0 |a Interferencie kultúrnej a hospodárskej diplomacie v procese globalizácie  |b diplomová práca  |c Zuzana Matúzová ; škol. Marta Zágoršeková 
264 1 |a Bratislava  |c 2010 
300 |a 70 s. 
100 1 |a Matúzová, Zuzana 
700 1 |a Zágoršeková, Marta 
710 2 |a Ekonomická univerzita v Bratislave. Fakulta medzinárodných vzťahov